|
|
|
|
| LEADER |
01502nam a2200349 u 4500 |
| 001 |
10027394 |
| 003 |
upatras |
| 005 |
20210117210008.0 |
| 008 |
990820s1987 ne eng |
| 020 |
|
|
|a 0444701893
|
| 040 |
|
|
|a GR-PaULI
|c GR-PaULI
|
| 041 |
0 |
|
|a eng
|
| 082 |
0 |
4 |
|a 519.4
|
| 100 |
1 |
|
|a Cuyt, Annie
|d 1956-
|9 139746
|
| 245 |
1 |
0 |
|a Nonlinear methods in numerical analysis
|c Annie Cuyt, Luc Wuytack
|
| 260 |
|
|
|a Amsterdam
|b North-Holland
|c 1987
|
| 300 |
|
|
|a 278 p.
|c 24 cm.
|
| 490 |
1 |
|
|a Studies in computational mathematics
|v 1
|
| 490 |
1 |
|
|a North-Holland mathematics studies
|v 136
|
| 504 |
|
|
|a Includes Bibliographical references and index
|
| 650 |
|
4 |
|a Αριθμητική ανάλυση
|9 388
|
| 650 |
|
4 |
|a Αριθμητικές μέθοδοι
|9 131
|
| 700 |
1 |
|
|a Wuytack, Luc
|9 153197
|
| 760 |
1 |
|
|a Studies in computational mathematics
|g 1
|
| 760 |
1 |
|
|a North-Holland mathematics studies
|g 136
|
| 852 |
|
|
|a GR-PaULI
|b ΠΑΤΡΑ
|b ΒΚΠ
|b ΒΣ1
|k ΑΣΧΞ
|h 519.4 C
|m 049027
|p 025000061510
|t 1
|
| 852 |
|
|
|a GR-PaULI
|b ΠΑΤΡΑ
|b ΜΑΘΗΜΑΤΙΚΟ
|k ΑΣΧΞ
|h 519.4 C
|m 049028
|p 025000061509
|t 2
|
| 942 |
|
|
|2 ddc
|c BK15
|
| 952 |
|
|
|0 0
|1 0
|4 0
|6 519_400000000000000_C
|7 0
|9 197945
|a LISP
|b LISP
|c BSC
|d 2016-04-24
|i 049027
|l 0
|o 519.4 C
|p 025000061510
|r 2016-04-24 00:00:00
|t 1
|w 2016-04-24
|y BK15
|
| 952 |
|
|
|0 0
|1 0
|4 0
|6 519_400000000000000_C
|7 0
|9 197946
|a LISP
|b LISP
|d 2016-04-24
|i 049028
|l 0
|o 519.4 C
|p 025000061509
|r 2016-04-24 00:00:00
|t 2
|w 2016-04-24
|y BK15
|
| 998 |
|
|
|c ΣΥΨΑ
|d 1999-08
|
| 999 |
|
|
|c 121581
|d 121581
|